01327nam a2200277 a 450000100060000000300080000600500170001400800410003103500190007204000320009104100080012308200250013111000660015611101340022224502560035626000400061230000330065249000360068550001090072165000140083065000290084465000330087371000680090671000390097483000360101372301BD-RjUL20211209082238.0170516s1964 nyua b 100 0 eng d a(BD-RjUL)72518 aYNGcYNGdOCLdBD-RjULbeng aeng 223a551.48bUNM 1964 aUnited Nations, Economic Commission for Asia and the Far East2 aInter-Regional Seminar on Methods of Hydrological Forecasting for the Utilization of Water Resourcesd(1964 :cBangkok, Thailand)10aMethods of hydrological forecasting for the utilization of water resources :b(Transactions of the Inter-regional Seminar on Methods of Hydrological Forecasting for the Utilization of Water Resources, held at Bangkok, Thailand, from 4-17 August, 1964) aHong Kong :bUnited Nations,c1964. aix, 167 p. :bill. ;c28 cm.1 aWater Resources series,vno. 27 aConvened by the Economic Commission for Asia and the Far East and the World Meteorological Organization. 0aHydrology 0aHydrological forecasting 0aWater resources development.2 aUnited Nations.bEconomic Commission for Asia and the Far East.2 aWorld Meteorological Organization. 0aWater resources series,vno. 27